| 000 | 00882nam a2200313Ia 4500 | ||
|---|---|---|---|
| 008 | 160216s9999 xx 000 0 und d | ||
| 020 | _a0-7216-9772-0 | ||
| 050 | _aMAIN RT 42 | ||
| 050 | _b.D43 2003 | ||
| 100 | _ade Castillo, Sandra Luz Martinez | ||
| 245 | _aStrategies, techniques, & approaches to thinking : | ||
| 245 | _bcase studies in clinical nursing / | ||
| 245 | _cSandra Luz Martinez. | ||
| 250 | _a2nd Edition | ||
| 260 | _aSt. Louis, MO : | ||
| 260 | _bSaunders. | ||
| 260 | _c2003 | ||
| 300 | _a249 pages : | ||
| 300 | _bill. ; | ||
| 300 | _c28 cm. | ||
| 500 | _aIncludes bibliographical references and index. | ||
| 650 | _aDecision Making. | ||
| 650 | _aNursing -- | ||
| 650 | _aNursing -- | ||
| 650 | _aNursing Care -- | ||
| 650 | _xCase studies. | ||
| 650 | _xDecision making -- Textbooks. | ||
| 650 | _xProblems and Exercises. | ||
| 999 |
_c290878 _d290878 |
||